Online
Catalog

Derecho de la infancia adolescencia en América Latina : (Record no. 13655)

MARC details
000 -CABECERA
campo de control de longitud fija 00858cam a2200229 a 4500
001 - NÚMERO DE CONTROL
campo de control 000014053
005 - FECHA Y HORA DE LA ÚLTIMA TRANSACCIÓN
campo de control 20260224094453.0
008 - DATOS DE LONGITUD FIJA--INFORMACIÓN GENERAL
campo de control de longitud fija 951018s1994 ck b 000 0 spa
020 ## - NÚMERO INTERNACIONAL ESTÁNDAR DEL LIBRO
ISBN cancelado o inválido 95893610702
035 ## - NÚMERO DE CONTROL DEL SISTEMA
Número de control de sistema (DLC) 95215562
040 ## - FUENTE DE LA CATALOGACIÓN
Centro catalogador/agencia de origen DO-SdBNP
Lengua de catalogación spa
Centro/agencia transcriptor BNPHU
082 ## - NÚMERO DE LA CLASIFICACIÓN DECIMAL DEWEY
Número de clasificación 348.06135
Número de documento/Ítem G216d
049 ## - FONDOS LOCALES (OCLC)
Fondos de biblioteca BNGR
100 1# - ENTRADA PRINCIPAL--NOMBRE DE PERSONA
Nombre de persona García Méndez, Emilio.
9 (RLIN) 31837
245 10 - MENCIÓN DE TÍTULO
Título Derecho de la infancia adolescencia en América Latina :
Resto del título de la situación irregular a la protección integral /
Mención de responsabilidad, etc. Emilio García Méndez ; prólogo Marta Mauras.
260 ## - PUBLICACIÓN, DISTRIBUCIÓN, ETC.
Lugar de publicación, distribución, etc. Santafé de Bogotá :
Nombre del editor, distribuidor, etc. Forum Pacis,
Fecha de publicación, distribución, etc. 1994.
300 ## - DESCRIPCIÓN FÍSICA
Extensión 191 p. ;
Dimensiones 24 cm.
504 ## - NOTA DE BIBLIOGRAFÍA, ETC.
Nota de bibliografía, etc. Incluye bibliografía: (p. 191) y notas al pie de las páginas.
650 #0 - PUNTO DE ACCESO ADICIONAL DE MATERIA--TÉRMINO DE MATERIA
Término de materia o nombre geográfico como elemento de entrada Derechos del niño
9 (RLIN) 5135
650 #4 - PUNTO DE ACCESO ADICIONAL DE MATERIA--TÉRMINO DE MATERIA
Término de materia o nombre geográfico como elemento de entrada Niños
Subdivisión general Estado legal, legislación, etc.
9 (RLIN) 16467
910 ## - DATOS DE OPCIÓN DEL USUARIO (OCLC)
Datos de opción del usuario Catalogación por copia / LC
Holdings
Estado de retiro Estado de pérdida Restricciones de uso No para préstamo Código de colección Localización permanente Ubicación/localización actual Ubicación en estantería Fecha de adquisición Número de inventario Total de préstamos Signatura topográfica completa Código de barras Fecha visto por última vez Precio válido a partir de Tipo de ítem Koha Número de copia
    Préstamo interno   Monografías: Libros y Folletos General General En catalogación 02.12.2009 LF1   348.06135 G216d 14053-10 25.06.2020 25.06.2020 Préstamo interno  
    Préstamo restringido Préstamo restrigido Monografías: Libros y Folletos General General En catalogación 02.12.2009 LF1   348.06135 G216d 14053-20 25.06.2020 25.06.2020 Préstamo interno e.2

Powered by Koha